Catalog

Record Details

Catalog Search



Let me play : the story of Title IX : the law that ... Read More

Available copies

  • 1 of 1 copy available at LARL/NWRL Consortium.

Current holds

0 current holds with 1 total copy.

Show All Copies
Location Call Number / Copy Notes Barcode Shelving Location Status Due Date
Thief River Falls Public Library ya 796.082 BLU (Text) 35500005121700 Main Available -

Record details

  • ISBN: 0689859570
  • Physical Description: 152 p. : ill. ; 24 cm.
  • Edition: 1st ed.
  • Publisher: New York : Atheneum Books for Young Readers, c2005.

Content descriptions

Bibliography, etc. Note:
Includes bibliographical references (p. 144-146) ... Read More
Summary, etc.:
Up until the 1970s, if you were a girl, you were ... Read More
Subject: Sex discrimination in sports > Law and legislation > United States > Juvenile literature.
Women athletes > Legal status, laws, etc. > United States > Juvenile literature.
Sex discrimination in sports > Law and legislation > United States.
Women athletes > Legal status, laws, etc. > United States.
LDR 01786pam a2200349 a 4500
00161112
003LARL_NWRL_CONSORTIUM
00520050726120351.0
008040121s2005 nyua j b 001 0 eng
010 . ‡a2004001450
020 . ‡a0689859570
0243 . ‡a9780689859571 ‡d51795
035 . ‡a(OCoLC)54103844
037 . ‡bJunior Library Guild ‡nhttp://www.juniorlibraryguild.com
040 . ‡aDLC ‡cDLC ‡dTEF
043 . ‡an-us---
08200. ‡a796/.082 ‡222
1001 . ‡aBlumenthal, Karen. ‡0(LARL_NWRL_CONSORTIUM)131548
24510. ‡aLet me play : ‡bthe story of Title IX : the law that changed the future of girls in America / ‡cKaren Blumenthal.
250 . ‡a1st ed.
260 . ‡aNew York : ‡bAtheneum Books for Young Readers, ‡cc2005.
300 . ‡a152 p. : ‡bill. ; ‡c24 cm.
504 . ‡aIncludes bibliographical references (p. 144-146) and index.
520 . ‡aUp until the 1970s, if you were a girl, you were told you shouldn't play team sports, or go to college. But, in 1972, Title IX changed that, by ensuring that girls have the same opportunities as boys to participate in sports and classes. But that change did not come without a fight.
650 0. ‡aSex discrimination in sports ‡xLaw and legislation ‡zUnited States ‡vJuvenile literature.
650 0. ‡aWomen athletes ‡xLegal status, laws, etc. ‡zUnited States ‡vJuvenile literature.
650 1. ‡aSex discrimination in sports ‡xLaw and legislation ‡zUnited States. ‡0(LARL_NWRL_CONSORTIUM)174969
650 1. ‡aWomen athletes ‡xLegal status, laws, etc. ‡zUnited States.
901 . ‡a61112 ‡bOCLC ‡c61112 ‡tbiblio

Additional Resources